[Event "Cadiz op 17th"]
[Site "Cadiz"]
[Date "2010.07.06"]
[Round "3.3"]
[White "Burgos Figueroa, Carlos Ernesto"]
[Black "Rambla Barreno, Fernando"]
[Result "1-0"]
[WhiteElo "2245"]
[BlackElo "2011"]
[PlyCount "87"]
[EventDate "2010.07.05"]
[EventType "swiss"]
[EventRounds "7"]
[EventCountry "ESP"]
[SourceTitle "EXT 2024"]
[Source "ChessBase"]
[SourceDate "2023.10.10"]
[SourceVersion "1"]
[SourceVersionDate "2023.10.10"]
[SourceQuality "1"]

1. e4 c5 2. Nf3 e6 3. d3 d5 4. Nbd2 Nc6 5. g3 Nf6 6. Bg2 d4 7. 0-0 e5 8. h3 Be6 9. Nc4 Bxc4 10. dxc4 g6 11. Ne1 Bg7 12. Nd3 Qd6 13. a3 0-0 14. Bd2 h6 15. f4 Rae8 16. Re1 Nd7 17. Qf3 Nb6 18. b3 f5 19. exf5 Rxf5 20. Re4 Nd7 21. g4 Rf7 22. Rae1 Rfe7 23. R4e2 Kh7 24. Qd5 Qxd5 25. cxd5 Nd8 26. Be4 Nf7 27. f5 gxf5 28. Bxf5+ Kh8 29. Nf4 Nf8 30. Nd3 Nd7 31. c4 dxc3 32. Bxc3 Ng5 33. Kg2 e4 34. Bxg7+ Kxg7 35. d6 Rf7 36. Bxe4 Nxe4 37. Rxe4 Rxe4 38. Rxe4 b6 39. Nf4 Nb8 40. Kg3 Nc6 41. Nh5+ Kh7 42. h4 Nd8 43. Re8 Nb7 44. d7 1-0